Inês de Castro (Registo nº 4063)

Detalhes MARC
000 -Etiqueta do registo
Cabeçalho 00571nam a2200229 4500
005 - Identificador da versão
Campo de controlo 20240813122051.0
010 ## - Número internacional normalizado dos livros (ISBN)
Número (ISBN) 9789898054401
021 ## - Número do Depósito Legal
Código do país PT
Número 261 794/07
100 ## - Dados gerais de processamento
Dados gerais de processamento 20101117d2007 a y0pory5003 ba
102 ## - Pais de publicação ou produção
País de publicação Portugal
101 0# - Língua de publicação
Língua do texto, banda sonora, etc. Português
215 ## - Descrição física 
Indicação específica da natureza do documento e extensão da espécie 41, [5] p.
200 1# - Titulo e menção de responsabilidade
Título próprio Inês de Castro
Primeira menção de responsabilidade Ana Oom
Outras menções de responsabilidade il. Sandra Serra
225 1# - Colecção 
Título próprio da colecção nomes com história
210 ## - Publicação, Distribuição, etc. 
Lugar da edição, distribuição, etc. Lisboa
Nome do editor, distribuidor, etc. Zero a Oito
Data da publicação, distribuição, etc. 2007
675 ## - Classificação Decimal Universal (CDU)
Notação 929
Edição BN
Língua da edição por
701 #1 - Nome de autor-pessoa física (co-responsabilidade principal)
Palavra de ordem Serra
Outra parte do nome não tomada para palavra de ordem Sandra
Código de função Ilustrador / Técnico de desenho computorizado
700 #1 - Nome de autor-pessoa física (responsabilidade principal)
Número de registo de entrada de autoridade 0000573
Palavra de ordem Oom
Outra parte do nome não tomada para palavra de ordem Ana
942 ## - Elementos de entrada adicionados (Koha)
Tipo de item no Koha Livro
Exemplares
Situação do levantamento Origin of item (home branch) (coded) Biblioteca de empréstimo Código de barras Cota Circulation type (not for loan) Tipo de documento Nota do exemplar Damaged status
  Biblioteca Escolar das Vendas Biblioteca Escolar das Vendas BEV1770 9BIO OOM   Livro Sem mensagem